000 00631nam a2200253Ia 4500
005 20250425160807.0
008 250425s9999 xx 000 0 und d
020 _a8429160302
041 _aspa
082 _a669
100 _aBENDIX, FRIEDRICH
245 0 _aALREDEDOR DEL TRABAJO DE LOS METALES: UNAS NOCIONES FUNDAMENTALES SOBRE SU TRABAJO Y CIENCIA
250 _a1A ED.
260 _aBARCELONA
260 _aEspaƱa
_bREVERTE
_c1978
300 _a228
650 _aFORJA
650 _aMETALES
650 _aMETALISTERIA
650 _aTALLERES MECANICOS
650 _aTEMPLE
942 _c01
010 _a5366
999 _c196265
_d196265